[Event "4th Mersin Open 2019"]
[Site "Mersin TUR"]
[Date "2019.11.21"]
[Round "8.2"]
[White "Nodirbek Yakubboev"]
[Black "Nodirbek Abdusattorov"]
[Result "0-1"]
[EventDate "?"]
[WhiteElo "2603"]
[BlackElo "2633"]
[PlyCount "100"]

1. Nf3 Nf6 2. g3 d5 3. Bg2 e6 4. O-O Be7 5. d3 c5 6. Nbd2 b6 7. e4 Bb7 8. Re1 Nc6 9. c3 h6 10. h3 Qc7 11. a3 a6 12. Nf1 dxe4 13. dxe4 O-O 14. e5 Nd7 15. N1h2 Rfd8 16. Qe2 Bf8 17. Ng4 Ne7 18. c4 Nf5 19. Bf4 Bc6 20. Rad1 Qb7 21. Kh2 Be7 22. h4 Nf8 23. h5 Nh7 24. Rxd8+ Rxd8 25. Rd1 Rxd1 26. Qxd1 b5 27. cxb5 axb5 28. Ne3 Nxe3 29. Bxe3 Nf8 30. Ne1 Bxg2 31. Nxg2 Nd7 32. f4 Nb6 33. Qd3 c4 34. Qd4 Na4 35. Ne1 Qc6 36. Qa7 Bf8 37. Qd4 Qa8 38. Qd2 Qe4 39. Bf2 Bc5 40. Bxc5 Nxc5 41. Nc2 Nd3 42. Nb4 Qf3 43. Nxd3 cxd3 44. Kg1 Qxg3+ 45. Kf1 g6 46. hxg6 fxg6 47. Qc1 h5 48. Qc8+ Kg7 49. Qd7+ Kh6 50. Qf7 h4 0-1

[Event "4th Mersin Open 2019"]
[Site "Mersin TUR"]
[Date "2019.11.20"]
[Round "7.1"]
[White "Nodirbek Abdusattorov"]
[Black "Nikita Petrov"]
[Result "1/2-1/2"]
[EventDate "?"]
[WhiteElo "2633"]
[BlackElo "2590"]
[PlyCount "74"]

1. e4 c5 2. Nf3 d6 3. d4 cxd4 4. Nxd4 Nf6 5. Nc3 a6 6. Be2 e5 7. Nb3 Be7 8. Be3 Be6 9. Nd5 Nbd7 10. Qd3 Bxd5 11. exd5 Nc5 12. Nxc5 dxc5 13. O-O-O Bd6 14. g4 b5 15. c4 O-O 16. Kb1 Rb8 17. g5 e4 18. Qd2 Nd7 19. Rc1 Qe7 20. h4 Ne5 21. Rc3 bxc4 22. Bxc4 Nf3 23. Qd1 Be5 24. d6 Bxd6 25. Qd5 Be5 26. Rb3 Bd4 27. Ka1 a5 28. Rc1 a4 29. Rxb8 Rxb8 30. Bxd4 cxd4 31. Qa5 Qb7 32. b3 d3 33. Qxa4 Qc7 34. Qa3 Qe5+ 35. Qb2 Nd4 36. h5 Qxg5 37. Bxf7+ Kf8 1/2-1/2

[Event "4th Mersin Open 2019"]
[Site "Mersin TUR"]
[Date "2019.11.19"]
[Round "5.1"]
[White "Nodirbek Abdusattorov"]
[Black "Misratdin Mehdi oglu Iskandarov"]
[Result "1-0"]
[EventDate "?"]
[WhiteElo "2633"]
[BlackElo "2501"]
[PlyCount "118"]

1. e4 c5 2. Nf3 d6 3. d4 cxd4 4. Nxd4 Nf6 5. Nc3 Nc6 6. Bg5 e6 7. Qd2 a6 8. O-O-O Bd7 9. f3 h6 10. Be3 b5 11. Nxc6 Bxc6 12. Ne2 Be7 13. Nd4 Bb7 14. g4 Qc7 15. h4 Nd7 16. Be2 d5 17. exd5 Bxd5 18. Nf5 Bf8 19. Kb1 Nf6 20. Bd4 O-O-O 21. c4 Bxc4 22. Bxc4 bxc4 23. Qc2 Nd5 24. Ne3 Nxe3 25. Bxe3 Bc5 26. Bc1 Bd4 27. Qe4 Qb6 28. Rh2 e5 29. Rc2 Kb8 30. Rxc4 Rc8 31. Rcxd4 exd4 32. Bf4+ Ka7 33. Be5 Qc6 34. Bxd4+ Ka8 35. Qxc6+ Rxc6 36. Bxg7 Rg8 37. Bc3 Kb7 38. Rd5 Re8 39. Kc2 Ree6 40. Rf5 Rc7 41. h5 Rd7 42. Rf6 Re2+ 43. Kb3 Rf2 44. a4 Rf1 45. a5 Rc7 46. Kb4 Rf2 47. Rf5 Re2 48. Bg7 Kc8 49. Kb3 Rf2 50. Kb4 Re2 51. Rc5 Rxc5 52. Kxc5 Rf2 53. Bxh6 Rxf3 54. Bg7 Rh3 55. h6 Kc7 56. g5 Rh5 57. Bf6 Rh1 58. Be5+ Kd7 59. Kb6 1-0

[Event "4th Mersin Open 2019"]
[Site "Mersin TUR"]
[Date "2019.11.19"]
[Round "6.1"]
[White "Vasilios Kotronias"]
[Black "Nodirbek Abdusattorov"]
[Result "1/2-1/2"]
[EventDate "?"]
[WhiteElo "2486"]
[BlackElo "2633"]
[PlyCount "32"]

1. e4 e5 2. Nf3 Nc6 3. Bb5 Nf6 4. d3 d6 5. O-O Be7 6. c3 a6 7. Ba4 O-O 8. Nbd2 Nd7 9. Bc2 Bf6 10. Nc4 Nb6 11. Nxb6 cxb6 12. h3 b5 13. d4 Qc7 14. Be3 Na5 15. Nd2 Bd7 16. Rc1 Rac8 1/2-1/2

[Event "4th Mersin Open 2019"]
[Site "Mersin TUR"]
[Date "2019.11.18"]
[Round "4.1"]
[White "Nodirbek Abdusattorov"]
[Black "Mustafa Yilmaz"]
[Result "1/2-1/2"]
[EventDate "?"]
[WhiteElo "2633"]
[BlackElo "2605"]
[PlyCount "144"]

1. e4 c5 2. Nf3 d6 3. d4 cxd4 4. Nxd4 Nf6 5. Nc3 a6 6. g3 e5 7. Nde2 Be7 8. Bg2 O-O 9. O-O b5 10. Nd5 Nxd5 11. Qxd5 Ra7 12. Be3 Rb7 13. Qd2 Nd7 14. Nc3 Nf6 15. Bg5 Be6 16. Bxf6 Bxf6 17. Nd5 Bg5 18. Qd3 Qc8 19. h4 Bd8 20. c3 Bb6 21. a4 bxa4 22. Rxa4 a5 23. Qd2 Qc5 24. Nxb6 Rxb6 25. Rfa1 Qb5 26. b4 axb4 27. Rxb4 Qc5 28. Rxb6 Qxb6 29. Rd1 Rd8 30. Bf3 h6 31. Kg2 Kf8 32. g4 Qc7 33. Be2 Qc6 34. Bf3 Qd7 35. Kg3 Qe7 36. Be2 g5 37. hxg5 hxg5 38. Kg2 Qf6 39. Rh1 Ke7 40. Ra1 Qf4 41. Qxf4 gxf4 42. Ra7+ Kf6 43. Ra6 Kg5 44. f3 Kf6 45. Kf2 Rd7 46. Ke1 Ke7 47. Kd2 Rb7 48. Kc2 Kd7 49. Ra8 Rb6 50. Ra7+ Ke8 51. c4 Rb4 52. c5 dxc5 53. Ra5 Ke7 54. Rxc5 Kf6 55. Kd2 Rb1 56. Ra5 Rb2+ 57. Ke1 Rb1+ 58. Kd2 Rg1 59. Ra8 Rg2 60. Ke1 Ke7 61. Ra5 Kd6 62. Kf1 Rh2 63. Ke1 Rh1+ 64. Kd2 Rb1 65. Ra6+ Kc5 66. Ra5+ Kd6 67. Ra6+ Ke7 68. Ra7+ Kf6 69. Ra5 Rb2+ 70. Ke1 Rb1+ 71. Kd2 Rb2+ 72. Ke1 1/2-1/2

[Event "4th Mersin Open 2019"]
[Site "Mersin TUR"]
[Date "2019.11.17"]
[Round "2.1"]
[White "Nodirbek Abdusattorov"]
[Black "Alihan Guseynov"]
[Result "1-0"]
[EventDate "?"]
[WhiteElo "2633"]
[BlackElo "2322"]
[PlyCount "68"]

1. e4 c5 2. Nf3 Nc6 3. d4 cxd4 4. Nxd4 e5 5. Nb5 a6 6. Nd6+ Bxd6 7. Qxd6 Qf6 8. Qd3 Nge7 9. Nc3 d5 10. exd5 Nb4 11. Qe4 Qd6 12. Bd2 O-O 13. a3 Nbxd5 14. Nxd5 Nxd5 15. O-O-O Nf6 16. Qb4 Qc6 17. Qc3 Qa4 18. Qc4 Qxc4 19. Bxc4 Bf5 20. Rhe1 Rac8 21. Rxe5 Bxc2 22. Kxc2 Rxc4+ 23. Bc3 Ne4 24. Rd4 Rxd4 25. Bxd4 Nd6 26. Rd5 Nb5 27. Bb6 f6 28. Kd3 Rc8 29. Rd7 Rc6 30. Rxb7 Nd6 31. Rb8+ Kf7 32. a4 Nc4 33. Bd4 Ke6 34. Rb7 1-0

[Event "4th Mersin Open 2019"]
[Site "Mersin TUR"]
[Date "2019.11.17"]
[Round "3.1"]
[White "Platon Galperin"]
[Black "Nodirbek Abdusattorov"]
[Result "0-1"]
[EventDate "?"]
[WhiteElo "2469"]
[BlackElo "2633"]
[PlyCount "54"]

1. d4 Nf6 2. c4 e6 3. Nf3 b6 4. g3 Bb7 5. Bg2 Be7 6. O-O O-O 7. d5 Na6 8. Nc3 Bb4 9. Nd4 Bxc3 10. bxc3 Nc5 11. Ba3 exd5 12. Nb3 dxc4 13. Bxb7 Nxb7 14. Bxf8 Qxf8 15. Nd2 d5 16. Qc2 Nc5 17. Nf3 Re8 18. Rad1 Qe7 19. Rfe1 Qe4 20. Qc1 h6 21. Nd4 a6 22. Nc2 Qe5 23. Nb4 Nce4 24. f4 Qh5 25. Kg2 Nxc3 26. Qxc3 Rxe2+ 27. Kf1 Ne4 0-1

[Event "4th Mersin Open 2019"]
[Site "Mersin TUR"]
[Date "2019.11.16"]
[Round "1.1"]
[White "Altay Eynullayev"]
[Black "Nodirbek Abdusattorov"]
[Result "0-1"]
[EventDate "?"]
[WhiteElo "2244"]
[BlackElo "2633"]
[PlyCount "32"]

1. e4 c5 2. Nf3 d6 3. d4 Nf6 4. Nc3 cxd4 5. Nxd4 a6 6. g3 e6 7. Bg2 Be7 8. O-O O-O 9. Be3 Qc7 10. Qe2 Nc6 11. Nxc6 bxc6 12. Na4 Bb7 13. c4 c5 14. Nc3 Nd7 15. f4 Bf6 16. Rad1 Rad8 0-1

[Event "ch-UZB 2019"]
[Site "Tashkent UZB"]
[Date "2019.07.13"]
[Round "12.5"]
[White "Ortik Nigmatov"]
[Black "Nodirbek Abdusattorov"]
[Result "1-0"]
[EventDate "?"]
[WhiteElo "2488"]
[BlackElo "2598"]
[PlyCount "80"]

1. d4 Nf6 2. Nf3 b6 3. Bg5 Bb7 4. Nbd2 c5 5. c3 cxd4 6. cxd4 e6 7. e4 h6 8. Bxf6 Qxf6 9. Bd3 Nc6 10. e5 Qd8 11. O-O Be7 12. Rc1 O-O 13. a3 d5 14. Re1 Rc8 15. Qe2 Qd7 16. h4 Nb8 17. Nb1 Rxc1 18. Rxc1 Rc8 19. Nc3 Qd8 20. h5 Nd7 21. Nh2 Nf8 22. f4 Bc6 23. Ng4 b5 24. Rf1 Be8 25. Qf3 b4 26. axb4 Qb6 27. Ne2 Qxb4 28. f5 exf5 29. Ne3 Bg5 30. Nxd5 Qb3 31. Qxf5 Rd8 32. Nc7 Bc6 33. e6 Bf6 34. e7 Bxe7 35. Nc1 Qxb2 36. Qxf7+ Kh8 37. Ne2 Qa3 38. Bc4 Qe3+ 39. Rf2 Nd7 40. Ne8 1-0

[Event "Zonal 3.4 2019"]
[Site "Tashkent UZB"]
[Date "2019.05.29"]
[Round "9.3"]
[White "Shamsiddin Vokhidov"]
[Black "Nodirbek Abdusattorov"]
[Result "1/2-1/2"]
[EventDate "?"]
[WhiteElo "2518"]
[BlackElo "2597"]
[PlyCount "114"]

1. e4 c5 2. Nf3 d6 3. d4 Nf6 4. Nc3 cxd4 5. Nxd4 a6 6. Bd3 g6 7. f3 Bg7 8. Be3 Nc6 9. Qd2 O-O 10. O-O-O Nxd4 11. Bxd4 b5 12. Nd5 e6 13. Bb6 Qd7 14. Nxf6+ Bxf6 15. Be2 d5 16. Bd4 Bxd4 17. Qxd4 Qe7 18. exd5 exd5 19. Bd3 Qg5+ 20. Kb1 Re8 21. h4 Qg3 22. h5 Qe5 23. Qh4 Qg7 24. hxg6 fxg6 25. g4 Ra7 26. f4 Rf7 27. f5 gxf5 28. gxf5 Qf6 29. Rdg1+ Kh8 30. Qf4 Bxf5 31. Rf1 Be4 32. Qxf6+ Rxf6 33. Rxf6 Bxh1 34. Kc1 Be4 35. Rxa6 Bxd3 36. cxd3 Kg7 37. Rb6 h5 38. Rxb5 h4 39. Rb4 Rh8 40. Rg4+ Kf6 41. Kd2 h3 42. Rg1 h2 43. Rh1 Ke5 44. a4 Rb8 45. Kc3 Rc8+ 46. Kb4 Rb8+ 47. Ka3 Rh8 48. a5 Kd6 49. b4 Kc6 50. Ka4 d4 51. b5+ Kc5 52. b6 Kc6 53. Kb4 Kb7 54. Kc5 Rh5+ 55. Kxd4 Rxa5 56. Rxh2 Kxb6 57. Rc2 Rh5 1/2-1/2

[Event "Zonal 3.4 2019"]
[Site "Tashkent UZB"]
[Date "2019.05.28"]
[Round "8.1"]
[White "Nodirbek Abdusattorov"]
[Black "Rinat Jumabayev"]
[Result "1/2-1/2"]
[EventDate "?"]
[WhiteElo "2597"]
[BlackElo "2615"]
[PlyCount "144"]

1. e4 e5 2. Nf3 Nc6 3. Bb5 Nf6 4. d3 Bc5 5. c3 O-O 6. O-O d6 7. Nbd2 Ne7 8. d4 exd4 9. cxd4 Bb6 10. Bd3 Bg4 11. h3 Bh5 12. a4 Nc6 13. d5 Nb4 14. Bb1 Re8 15. a5 Bc5 16. Re1 c6 17. dxc6 Nxc6 18. Ra4 Bb4 19. Qb3 Bxa5 20. Qxb7 Bxf3 21. Qxc6 Rc8 22. Qa6 Rxc1 23. Rxc1 Bxd2 24. Rc6 Nh5 25. Ra3 Bxg2 26. Kxg2 Bb4 27. Rf3 Bc5 28. Ba2 Qg5+ 29. Kh2 Nf4 30. Rg3 Qe7 31. Rc8 g6 32. Rxe8+ Qxe8 33. Qb7 Bd4 34. Rf3 Ne6 35. Kg2 Kg7 36. b4 Ng5 37. Rd3 Bb6 38. h4 Nxe4 39. Rf3 Nf6 40. h5 gxh5 41. Rf4 d5 42. Bxd5 Bd8 43. Bb3 Qe7 44. Qb5 h6 45. Qc4 Bb6 46. Rf3 Qc7 47. Qb5 Qd6 48. Qf5 h4 49. Qf4 Qxf4 50. Rxf4 Kg6 51. Rxh4 Kg5 52. Rc4 Nd5 53. Kg3 f5 54. b5 h5 55. Rc8 h4+ 56. Kg2 Nf4+ 57. Kf3 Nd3 58. Bc2 Ne5+ 59. Kg2 Ng6 60. Rg8 Kf6 61. f3 Nf4+ 62. Kh2 Ne6 63. Rc8 Ke5 64. Re8 Kf6 65. Bd3 Bc7+ 66. Kh1 Nd4 67. Rc8 Bb6 68. Kg2 Kg5 69. Rh8 Ne6 70. Bc4 Nd4 71. Rh7 Bc5 72. Rh8 1/2-1/2

[Event "Zonal 3.4 2019"]
[Site "Tashkent UZB"]
[Date "2019.05.27"]
[Round "7.3"]
[White "Nodirbek Abdusattorov"]
[Black "Petr Kostenko"]
[Result "1-0"]
[EventDate "?"]
[WhiteElo "2597"]
[BlackElo "2450"]
[PlyCount "64"]

1. e4 e6 2. d4 d5 3. Nc3 Bb4 4. e5 c5 5. a3 Bxc3+ 6. bxc3 Nc6 7. Qg4 g6 8. Nf3 Qa5 9. Bd2 Qa4 10. Bd3 c4 11. Be2 Qxc2 12. O-O Na5 13. Bd1 h5 14. Qxh5 Rxh5 15. Bxc2 Bd7 16. g4 Rh8 17. Bg5 Nb3 18. Rab1 Rc8 19. Kg2 Ba4 20. h4 Kf8 21. Rh1 b6 22. Rb2 Be8 23. h5 gxh5 24. Rxh5 Rxh5 25. gxh5 f6 26. exf6 Bxh5 27. Ne5 Na1 28. Ba4 Rc7 29. Rb1 Nb3 30. Rh1 Rh7 31. f7 Ne7 32. Be8 1-0

[Event "Zonal 3.4 2019"]
[Site "Tashkent UZB"]
[Date "2019.05.26"]
[Round "6.1"]
[White "Rustam Kasimdzhanov"]
[Black "Nodirbek Abdusattorov"]
[Result "1/2-1/2"]
[EventDate "?"]
[WhiteElo "2652"]
[BlackElo "2597"]
[PlyCount "52"]

1. e4 c5 2. Nf3 d6 3. d4 cxd4 4. Nxd4 Nf6 5. Nc3 a6 6. Bg5 e6 7. f4 h6 8. Bh4 Qb6 9. a3 Be7 10. Bf2 Qc7 11. Qf3 Nbd7 12. O-O-O b5 13. g4 Bb7 14. h4 d5 15. e5 Ne4 16. Be1 O-O-O 17. g5 hxg5 18. hxg5 Rxh1 19. Qxh1 g6 20. Qh7 Nxc3 21. Bxc3 Bxa3 22. Kb1 Nb6 23. Nb3 Na4 24. Bd4 Bf8 25. Bd3 Bc6 26. Qh2 1/2-1/2

[Event "Zonal 3.4 2019"]
[Site "Tashkent UZB"]
[Date "2019.05.25"]
[Round "5.1"]
[White "Nodirbek Abdusattorov"]
[Black "Ortik Nigmatov"]
[Result "1-0"]
[EventDate "?"]
[WhiteElo "2597"]
[BlackElo "2452"]
[PlyCount "100"]

1. e4 c5 2. Nf3 d6 3. d4 Nf6 4. Nc3 cxd4 5. Nxd4 a6 6. Nb3 Nc6 7. Be3 Ng4 8. Bd2 Nf6 9. g3 g6 10. Bg2 Bg7 11. O-O O-O 12. Nd5 e6 13. Nxf6+ Bxf6 14. c3 Ne5 15. Bh6 Re8 16. Qe2 Bd7 17. Rfd1 Qc7 18. Nd4 Rac8 19. Rac1 b5 20. Nf3 a5 21. Nxe5 dxe5 22. Bf1 Bc6 23. f3 Be7 24. Be3 f5 25. Bg2 Qb7 26. Bf2 Bf8 27. h4 Bh6 28. Rb1 b4 29. c4 b3 30. a3 a4 31. Re1 Rcd8 32. Rbd1 Qc7 33. c5 fxe4 34. fxe4 Rxd1 35. Rxd1 Rd8 36. Rxd8+ Qxd8 37. Qa6 Qc7 38. Bf1 Qd7 39. Qb6 Kf7 40. Qb8 Bg7 41. Bg2 Qb7 42. Qxb7+ Bxb7 43. Be3 Ke7 44. Kf2 Kd7 45. Ke2 Kc6 46. Kd3 Kb5 47. Bh3 Bc8 48. Kc3 Ka5 49. Bf1 Bb7 50. Bg5 1-0

[Event "Zonal 3.4 2019"]
[Site "Tashkent UZB"]
[Date "2019.05.24"]
[Round "4.3"]
[White "Javokhir Sindarov"]
[Black "Nodirbek Abdusattorov"]
[Result "1/2-1/2"]
[EventDate "?"]
[WhiteElo "2502"]
[BlackElo "2597"]
[PlyCount "46"]

1. e4 c5 2. Nf3 d6 3. d4 cxd4 4. Nxd4 Nf6 5. f3 e5 6. Nb3 Be6 7. c4 a5 8. Be3 a4 9. N3d2 Be7 10. Nc3 Qa5 11. Be2 O-O 12. O-O Bd8 13. Kh1 Nc6 14. Nd5 Nd7 15. Nb1 Bxd5 16. cxd5 Nd4 17. Na3 Nxe2 18. Qxe2 Bb6 19. Bxb6 Qxb6 20. Qb5 Qxb5 21. Nxb5 Ra6 22. Rfc1 Rd8 23. Na3 Nc5 1/2-1/2

[Event "Zonal 3.4 2019"]
[Site "Tashkent UZB"]
[Date "2019.05.23"]
[Round "3.5"]
[White "Nodirbek Abdusattorov"]
[Black "Abdimalik Abdisalimov"]
[Result "1-0"]
[EventDate "?"]
[WhiteElo "2597"]
[BlackElo "2409"]
[PlyCount "68"]

1. e4 c5 2. Nf3 d6 3. Bb5+ Nd7 4. c3 Nf6 5. Qe2 a6 6. Ba4 b5 7. Bc2 Bb7 8. O-O e6 9. d4 Be7 10. Re1 O-O 11. Nbd2 Qc7 12. Nf1 Rfc8 13. Bd3 e5 14. Ng3 exd4 15. cxd4 Re8 16. Bf4 Bf8 17. Qd2 cxd4 18. Nxd4 Nc5 19. f3 Nxd3 20. Qxd3 Rac8 21. Qd2 Qb6 22. Rad1 d5 23. e5 Rc4 24. Qf2 Bb4 25. Re2 Nd7 26. b3 Rxd4 27. Rxd4 Bc5 28. Be3 Nxe5 29. b4 Bf8 30. Rd1 Qc7 31. Bc5 Bxc5 32. Qxc5 Qxc5+ 33. bxc5 Kf8 34. Rde1 1-0

[Event "Zonal 3.4 2019"]
[Site "Tashkent UZB"]
[Date "2019.05.23"]
[Round "2.5"]
[White "Aldiyar Ansat"]
[Black "Nodirbek Abdusattorov"]
[Result "1/2-1/2"]
[EventDate "?"]
[WhiteElo "2098"]
[BlackElo "2597"]
[PlyCount "88"]

1. e4 c5 2. Nc3 d6 3. d4 cxd4 4. Qxd4 Nc6 5. Qd2 g6 6. b3 Bh6 7. f4 Nf6 8. Bb2 O-O 9. O-O-O a5 10. a4 Bg4 11. Be2 e5 12. g3 Be6 13. Kb1 Rc8 14. h4 Nd4 15. h5 Bg7 16. h6 Bh8 17. Bd3 Bg4 18. Rf1 d5 19. fxe5 Nxe4 20. Nxe4 dxe4 21. Bxe4 Bxe5 22. Nh3 f5 23. Bd3 Nf3 24. Rxf3 Bxb2 25. Rf4 Bf6 26. Nf2 Be5 27. Nxg4 Bxf4 28. Qxf4 fxg4 29. Qxg4 Qe7 30. Qd4 Qf6 31. Qd5+ Kh8 32. Qxa5 Qd4 33. Qb5 b6 34. Re1 Qd6 35. Qe5+ Qxe5 36. Rxe5 Rf3 37. g4 Kg8 38. Rb5 Rf6 39. g5 Rfc6 40. Kb2 Kf7 41. Bc4+ Ke7 42. Re5+ Kd6 43. Re6+ Kd7 44. Re4 Kd6 1/2-1/2

[Event "Zonal 3.4 2019"]
[Site "Tashkent UZB"]
[Date "2019.05.22"]
[Round "1.4"]
[White "Nodirbek Abdusattorov"]
[Black "Tahir Vakhidov"]
[Result "1/2-1/2"]
[EventDate "?"]
[WhiteElo "2597"]
[BlackElo "2395"]
[PlyCount "70"]

1. e4 e5 2. Nf3 Nc6 3. Bb5 a6 4. Ba4 Nf6 5. O-O Be7 6. Re1 b5 7. Bb3 O-O 8. a4 b4 9. d4 d6 10. dxe5 Nxe5 11. Nbd2 Nxf3+ 12. Nxf3 Bb7 13. e5 Nd7 14. e6 fxe6 15. Nd4 Nc5 16. Nxe6 Nxe6 17. Bxe6+ Kh8 18. Qh5 Bh4 19. g3 Qf6 20. Bf4 g5 21. Be3 Rae8 22. Qg4 c5 23. Kf1 Bf3 24. Qc4 Bxg3 25. hxg3 Qh6 26. Qh4 Rxe6 27. Bxg5 Qxh4 28. gxh4 Rfe8 29. Re3 Rxe3 30. fxe3 Be4 31. c3 bxc3 32. Bf6+ Kg8 33. Bxc3 Kf7 34. Ke2 Rg8 35. Rf1+ 1/2-1/2

[Event "Sharjah Masters"]
[Site "Sharjah UAE"]
[Date "2019.03.29"]
[Round "8.7"]
[White "Gabriel Sargissian"]
[Black "Nodirbek Abdusattorov"]
[Result "1/2-1/2"]
[EventDate "2019.03.22"]
[WhiteElo "2689"]
[BlackElo "2560"]
[PlyCount "135"]

1. d4 Nf6 2. Nf3 e6 3. c4 b6 4. g3 Bb7 5. Bg2 Be7 6. O-O O-O 7. Nc3 Ne4 8. Bd2 Bf6 9. Rc1 Nxd2 10. Qxd2 d6 11. d5 e5 12. h4 a5 13. Bh3 Na6 14. e4 Bc8 15. Bxc8 Qxc8 16. Kg2 Be7 17. Nh2 Nc5 18. Qc2 f5 19. exf5 Rxf5 20. Ne4 Qd7 21. Rce1 Nxe4 22. Rxe4 Raf8 23. b3 h5 24. Qe2 Bd8 25. Re3 Qf7 26. Rf3 Rxf3 27. Nxf3 Qg6 28. Kh2 Qg4 29. Ng1 Qxe2 30. Nxe2 Rf3 31. Kg2 Rd3 32. Rc1 Rd2 33. Nc3 Rb2 34. Re1 Rc2 35. Re3 g5 36. hxg5 Bxg5 37. Rd3 Bd8 38. a4 Kg7 39. Ne4 Rb2 40. Kf1 Kg6 41. Rf3 Be7 42. Ke1 h4 43. gxh4 Bxh4 44. Kd1 Be7 45. Re3 Bh4 46. Rf3 Kg7 47. Kc1 Ra2 48. Kb1 Re2 49. Re3 Rxe3 50. fxe3 Kg6 51. Nc3 Kf5 52. Kc2 Be1 53. Nb5 Ke4 54. Kd1 Bf2 55. Ke2 Bxe3 56. Nxc7 Bc5 57. Nb5 Bb4 58. Nc7 Bc5 59. Nb5 Kf4 60. Nc7 e4 61. Nb5 Ke5 62. Nc7 Bg1 63. Nb5 Bh2 64. Ke3 Bf4+ 65. Ke2 Bh6 66. Kf2 Bf4 67. Ke2 Bh6 68. Kf2 1/2-1/2

[Event "Sharjah Masters"]
[Site "Sharjah UAE"]
[Date "2019.03.28"]
[Round "7.7"]
[White "Nodirbek Abdusattorov"]
[Black "Sandro Mareco"]
[Result "1/2-1/2"]
[EventDate "2019.03.22"]
[WhiteElo "2560"]
[BlackElo "2666"]
[PlyCount "46"]

1. e4 c6 2. d4 d5 3. Nc3 dxe4 4. Nxe4 Bf5 5. Ng3 Bg6 6. h4 h6 7. Nf3 e6 8. h5 Bh7 9. Bd3 Bxd3 10. Qxd3 Nf6 11. Bd2 Be7 12. Ne4 Nxe4 13. Qxe4 Qd5 14. Qe2 b5 15. a4 Nd7 16. axb5 cxb5 17. Ra5 a6 18. b3 Qf5 19. c4 Qb1+ 20. Qd1 Qe4+ 21. Qe2 Qb1+ 22. Qd1 Qe4+ 23. Qe2 Qb1+ 1/2-1/2

[Event "Sharjah Masters"]
[Site "Sharjah UAE"]
[Date "2019.03.25"]
[Round "4.17"]
[White "N R Vignesh"]
[Black "Nodirbek Abdusattorov"]
[Result "1/2-1/2"]
[EventDate "2019.03.22"]
[WhiteElo "2476"]
[BlackElo "2560"]
[PlyCount "149"]

1. d4 Nf6 2. Nf3 e6 3. c4 b6 4. g3 Bb7 5. Bg2 Be7 6. O-O O-O 7. Re1 d5 8. Ne5 c5 9. cxd5 Bxd5 10. dxc5 Bxc5 11. Nd3 Bxg2 12. Kxg2 Qd5+ 13. f3 Be7 14. Nc3 Qb7 15. Qa4 Nc6 16. Be3 Rfd8 17. Rac1 Rac8 18. Red1 a6 19. b4 Ng4 20. Bg1 b5 21. Qb3 Nd4 22. Qb1 Nf5 23. Nc5 Nge3+ 24. Kh1 Qa8 25. Rxd8+ Rxd8 26. Qe4 h5 27. Qxa8 Rxa8 28. Nd1 Nxd1 29. Rxd1 a5 30. bxa5 Rxa5 31. Rd2 Nd6 32. Nb3 Ra4 33. Bc5 Nc4 34. Rc2 Bf6 35. Nd2 Nxd2 36. Rxd2 Rc4 37. Bf2 g5 38. Kg2 Kg7 39. h3 g4 40. hxg4 hxg4 41. fxg4 Rxg4 42. Rd3 Ra4 43. a3 Re4 44. Kf1 Kg6 45. Rb3 Re5 46. Be1 Bg5 47. Kf2 f5 48. Kf3 Kh5 49. Bf2 Be7 50. Bd4 Rd5 51. Bb2 Bd6 52. Rd3 Rxd3+ 53. exd3 Kg5 54. Bc1+ Kf6 55. g4 Kg6 56. Bb2 Kf7 57. Bc1 Ke7 58. gxf5 exf5 59. Ke3 Be5 60. d4 Bg7 61. Kd3 Ke6 62. Kc3 Bf8 63. Kb3 Kd5 64. a4 bxa4+ 65. Kxa4 Kxd4 66. Kb5 Kd5 67. Ka4 Kc4 68. Bf4 Bc5 69. Bg3 Bd4 70. Bc7 Kd5 71. Kb3 Be5 72. Bd8 f4 73. Kc2 Ke4 74. Kd2 Kf3 75. Bg5 1/2-1/2

[Event "Sharjah Masters"]
[Site "Sharjah UAE"]
[Date "2019.03.24"]
[Round "3.23"]
[White "Nodirbek Abdusattorov"]
[Black "S Nitin"]
[Result "1-0"]
[EventDate "2019.03.22"]
[WhiteElo "2560"]
[BlackElo "2408"]
[PlyCount "59"]

1. e4 c5 2. Nf3 d6 3. Bb5+ Nd7 4. c3 Nf6 5. Qe2 a6 6. Ba4 e6 7. O-O Be7 8. d4 O-O 9. Bc2 e5 10. dxe5 Nxe5 11. Nxe5 dxe5 12. Rd1 Qc7 13. c4 Bg4 14. f3 Be6 15. Nc3 Rad8 16. Be3 Rxd1+ 17. Rxd1 Rd8 18. Rf1 h6 19. b3 Nd7 20. g3 Bf6 21. Nd5 Bxd5 22. exd5 Nf8 23. Bd2 Be7 24. Bc3 Bd6 25. Re1 Nd7 26. Kg2 Re8 27. f4 Re7 28. Qe4 g6 29. f5 Nf8 30. Bd2 1-0

[Event "Sharjah Masters"]
[Site "Sharjah UAE"]
[Date "2019.03.23"]
[Round "2.42"]
[White "Dilshad Mohammed"]
[Black "Nodirbek Abdusattorov"]
[Result "0-1"]
[EventDate "2019.03.22"]
[WhiteElo "2006"]
[BlackElo "2560"]
[PlyCount "74"]

1. Nf3 Nf6 2. c4 b6 3. e3 Bb7 4. Nc3 e6 5. Be2 d5 6. Qc2 a6 7. b3 Bd6 8. Bb2 Nbd7 9. Rg1 c5 10. g4 d4 11. exd4 cxd4 12. Na4 b5 13. g5 bxa4 14. gxf6 Qxf6 15. Nxd4 Be5 16. Qd3 Nc5 17. Qe3 Ne4 18. Rg4 Rd8 19. Rxe4 Bxe4 20. Qxe4 Bxd4 21. Qc6+ Rd7 22. Qc8+ Qd8 23. Qxd8+ Kxd8 24. Bxd4 Rxd4 25. bxa4 Kc7 26. O-O-O Rhd8 27. Kc2 e5 28. f3 R8d6 29. Bf1 Rf4 30. Re1 Rxf3 31. Bg2 Rf2 32. Bd5 f6 33. a5 Rd8 34. h3 Rb8 35. Kc3 Kd6 36. d4 Rxa2 37. Bf7 Ra3+ 0-1

[Event "Sharjah Masters"]
[Site "Sharjah UAE"]
[Date "2019.03.22"]
[Round "1.21"]
[White "Nodirbek Abdusattorov"]
[Black "Karthik Thrish"]
[Result "1/2-1/2"]
[EventDate "2019.03.22"]
[WhiteElo "2560"]
[BlackElo "2096"]
[PlyCount "70"]

1. e4 e5 2. Nf3 d6 3. d4 exd4 4. Nxd4 Nf6 5. Nc3 Be7 6. g3 d5 7. e5 Ng4 8. e6 Nf6 9. exf7+ Kxf7 10. Bg2 c6 11. O-O Re8 12. Re1 Bg4 13. Qd3 Nbd7 14. Qf1 Bc5 15. Rxe8 Qxe8 16. Be3 Qe5 17. Qd3 Qh5 18. Qd2 Ne5 19. Na4 Bxd4 20. Bxd4 Nf3+ 21. Bxf3 Bxf3 22. Qf4 Re8 23. Nc5 Re7 24. Nd3 Re4 25. Qc7+ Kg8 26. Bxf6 gxf6 27. Qb8+ Qe8 28. Qxb7 Qe6 29. Qb8+ Kg7 30. Qxa7+ Kg8 31. Qb8+ Kg7 32. Qc7+ Kg8 33. Qb8+ Kg7 34. Qa7+ Kg8 35. Qa8+ Kg7 1/2-1/2

[Event "World Rapid Championship"]
[Site "St Petersburg RUS"]
[Date "2018.12.28"]
[Round "11.58"]
[White "Nodirbek Abdusattorov"]
[Black "Pavel Tregubov"]
[Result "1-0"]
[EventDate "2018.12.26"]
[WhiteElo "2546"]
[BlackElo "2592"]
[PlyCount "237"]

1. d4 Nf6 2. c4 e6 3. Nc3 Bb4 4. e3 O-O 5. Bd3 d5 6. Ne2 dxc4 7. Bxc4 Be7 8. O-O c5 9. dxc5 Bxc5 10. a3 a6 11. Bd3 Be7 12. Nd4 b5 13. b4 Bb7 14. Bb2 Nbd7 15. Nb3 Rc8 16. Ne2 Qc7 17. Na5 Ba8 18. Nd4 Ne5 19. Be2 Nc4 20. Nxc4 bxc4 21. Rc1 Bd5 22. Qc2 Bd6 23. h3 Qb7 24. Bf3 Be5 25. Bxd5 exd5 26. Rfd1 Qc7 27. Ne2 Rfd8 28. Bxe5 Qxe5 29. Qc3 Qf5 30. Qd4 h6 31. Nc3 Rd7 32. Rd2 Re8 33. f3 Re5 34. Re1 Rde7 35. f4 R5e6 36. g4 Qh7 37. Nxd5 Nxd5 38. Qxd5 c3 39. Qa8+ Re8 40. Rd8 Kf8 41. f5 Re7 42. Rc1 h5 43. Rxc3 Qh6 44. Rxe8+ Rxe8 45. Qc6 Qg5 46. Qf3 Qf6 47. Rd3 h4 48. Qf4 Qa1+ 49. Kg2 Rc8 50. Rd2 Qe1 51. Qf2 Qb1 52. Qxh4 Qe4+ 53. Kf2 Kg8 54. Rd8+ Rxd8 55. Qxd8+ Kh7 56. Qd4 Qh1 57. Kg3 Qg1+ 58. Kf4 Qf1+ 59. Ke4 Qxh3 60. Kd5 Qf1 61. a4 Qg2+ 62. Kd6 Qb7 63. e4 f6 64. a5 Qb8+ 65. Kc6 Qb5+ 66. Kc7 Qe8 67. Kb6 Qb5+ 68. Ka7 Qe2 69. Qd5 Kh6 70. Qb7 Qc4 71. Qd5 Qxb4 72. Kxa6 Kg5 73. Qb7 Qc4+ 74. Kb6 Qb4+ 75. Kc6 Qxe4+ 76. Kc7 Qe7+ 77. Kb6 Qb4+ 78. Ka6 Qc4+ 79. Ka7 Qd4+ 80. Qb6 Qxg4 81. a6 Qxf5 82. Kb8 Qe5+ 83. Kb7 Qe7+ 84. Qc7 Qb4+ 85. Kc8 Qf8+ 86. Kd7 Qf7+ 87. Kd6 Qf8+ 88. Kc6 Qe8+ 89. Kc5 Qe3+ 90. Kb5 Qb3+ 91. Ka5 Qa3+ 92. Kb6 Qb4+ 93. Kc6 Qc4+ 94. Kb7 Qb4+ 95. Kc8 Qf8+ 96. Kd7 Qf7+ 97. Kd6 Qf8+ 98. Qe7 Qb8+ 99. Kc6 Qc8+ 100. Kb6 Qb8+ 101. Ka5 Kh6 102. a7 Qb3 103. Qe4 Qa3+ 104. Kb6 Qd6+ 105. Qc6 Qb4+ 106. Kc7 Qe7+ 107. Kb8 Qd8+ 108. Kb7 Qe7+ 109. Qc7 Qe4+ 110. Kb6 Qb4+ 111. Kc6 Qe4+ 112. Kd7 g5 113. Qc5 Qb7+ 114. Ke8 Kg6 115. Qc2+ Kg7 116. Qa4 Qc8+ 117. Ke7 Qc5+ 118. Kd8 Qd5+ 119. Qd7+ 1-0